[Event "Corus-B"]
[Site "Wijk aan Zee"]
[Date "2006.01.21"]
[Round "7"]
[White "Carlsen, Magnus"]
[Black "Vescovi, Giovanni P"]
[Result "1-0"]
[WhiteElo "2625"]
[BlackElo "2633"]
[Annotator "Ribli,Z"]
[PlyCount "77"]
[EventDate "2006.01.14"]
[EventType "tourn"]
[EventRounds "13"]
[EventCountry "NED"]
[EventCategory "15"]
[SourceTitle "CBM 111"]
[Source "ChessBase"]
[SourceDate "2006.04.04"]
[SourceVersion "1"]
[SourceVersionDate "2006.04.04"]
[SourceQuality "1"]

1. e4 c5 2. Nf3 e6 3. d4 cxd4 4. Nxd4 Nc6 5. Nc3 a6 {Die Hauptidee des Zuges 5.
..a6 ist, dass Schwarz nach 6.Be3 6...Nf6 ziehen kann und nach 7.Qd2?! Bb4 8.
f3 d5 9.a3 Qa5 hat Schwarz eine bequeme Stellung.} 6. Nxc6 bxc6 7. Bd3 d5 8.
O-O Nf6 9. Re1 Be7 10. e5 Nd7 11. Qg4 (11. Na4 Nb6 12. Nxb6 Qxb6 13. c4 O-O 14.
Qc2 g6 15. Be3 Qb8 16. g3 Bb7 17. h4 dxc4 18. Be4 c5 {1/2-1/2 Najer,E-Lautier,
J/FIDE World Cup 2005/CBM111 (21)}) 11... g6 12. Na4 {[%cal Gc2c4]} (12. Bh6
Rb8 13. Qh3 Rb4 {[%csl Gb4][%cal Gb4h4]} 14. Bg7 Rg8 $5 15. Qxh7 Rxg7 16. Qxg7
Bf8 17. Qg8 Qg5 $1 $44 {[%csl Gb4,Re5,Gg5,Rg8] 1/2-1/2 Polgar,J-Anand,V/Sofia
2005/CBM 107/[Ribli] (70)}) (12. b3 c5 13. Na4 c4 14. Bf1 Bb7 15. Bd2 Bc6 16.
Nb2 Qb8 17. Qg3 O-O 18. Rab1 cxb3 19. axb3 Nc5 20. f3 {1/2-1/2 Adams,M-Svidler,
P/Dortmund 2005/CBM 108 (20)}) 12... Qa5 (12... c5 13. c4 O-O 14. Bh6 Re8 15.
Rad1 Rb8 16. b3 d4 17. f4 Qc7 18. h4 {1-0 Sax,G-Franzoni,G/Thessaloniki 1984/
EXT 97}) 13. Bh6 Qb4 (13... Rb8 14. b3 Rb4 15. Qe2 Rxa4 16. bxa4 Bb4 17. Red1
Bc3 18. Bd2 Bxd2 19. Rxd2 Qc3 20. Rb1 O-O 21. Rdd1 c5 22. Rb3 Qxe5 23. Qxe5
Nxe5 24. Rb6 {1-0 Benjamin,J-Piasetski,L/Thessaloniki 1988/TD (74)}) 14. Qxb4
Bxb4 15. c3 Bf8 {Das ist die schwarze Verbesserung. Vor ca. einem Monat
spielte Schwarz 15...Ba5 (Bacrot,E - Rublevsky,S 2005). Mit dem Läuferzug
beabsichtigt Schwarz den Tausch der schwarzfeldrigen Läufer.} (15... Ba5 16. b4
Bc7 17. f4 a5 18. b5 Nb6 19. Nxb6 Bxb6+ 20. Kf1 cxb5 21. Bxb5+ $14 {1-0 Bacrot,
E-Rublevsky,S/2005/FIDE World Cup/CBM 111/40}) 16. Bxf8 (16. Bg5 Be7 (16... Bg7
17. f4) 17. Bxe7 Kxe7 18. c4) 16... Rxf8 17. c4 {Das ist die Hauptidee des
Zuges 12.Na4.} Ke7 18. cxd5 cxd5 19. Rac1 $14 {[%csl Gc1,Rc8][%cal Gc1c8] Weiß
kontrolliert die c-Linie und der c8B steht passiv.} Ra7 $6 (19... a5 $5 {
[%cal Gc8a6,Ga6d3]} 20. Rc6 (20. Rc7 Kd8 21. Rc6 Nxe5 22. Rxe5 Bd7 23. Rd6 Kc7)
20... Nxe5 21. Rxe5 Bd7 22. Rc7 Kd6 23. Rxd7+ Kxd7) 20. b4 $1 {[%csl Ga2,Gb4,
Yc5,Gd3][%cal Ga4c5][%mdl 32] Dieses Motiv erinnert mich an die Partie Fischer,
R - Petrosian,T Buenos Aires 1971. 7.Matchpartie. Weiß mobilisiert seine
Reserven am Damenflügel und kontrolliert das Feld c5.} Bb7 (20... a5 $2 21. b5)
21. f4 (21. Rc7 Rc8) 21... Rc8 22. Rxc8 Bxc8 23. Rc1 Kd8 24. Kf2 {[%cal Gf2e3,
Ge3d4]} Nb8 (24... Rc7 25. Rxc7 Kxc7 26. Ke3) 25. Nc5 (25. Ke3) 25... Rc7 26.
Rc2 Nd7 27. Nb3 Rxc2+ 28. Bxc2 $16 {[%mdl 4096] Weiß verfügt über deutlichen
Positionsvorteil in diesem Endspiel. Alle schwarzen Bauern stehen auf weißen
Feldern und darüber hinaus kontrolliert Weiß die wichtigsten schwarzen Felder.
In der Reserve hat er seine Bauernmehrheit auf den a- und b-Linien.} Nb8 29.
Nd4 {[%csl Ga2,Gb4,Gd4]} Bd7 30. g4 {[%cal Gg4g5] Die weiße positionelle
Drohung ist 1.g5, h4-h5 usw.} h6 (30... Nc6 31. Nxc6+ Bxc6 32. g5 d4 (32... Bb5
33. Ke3 $18) 33. Ke2 $18) 31. Ke3 (31. h4) 31... Kc7 32. a4 Kb6 {[%cal Ga6a5]}
33. a5+ Kb7 34. Bd3 Ba4 35. Be2 Nd7 36. h4 Nb8 37. f5 $18 gxf5 (37... Nc6 38.
fxg6 fxg6 39. Nxe6 $18) 38. gxf5 Bd7 39. Bh5 {[%csl Rf7][%cal Rh5f7]} 1-0

[Event "Poikovsky Karpov 07th"]
[Site "Poikovsky"]
[Date "2006.03.18"]
[Round "1"]
[White "Bologan, Viktor"]
[Black "Rublevsky, Sergei"]
[Result "0-1"]
[WhiteElo "2661"]
[BlackElo "2665"]
[Annotator "Ribli,Z"]
[PlyCount "124"]
[EventDate "2006.03.18"]
[EventType "tourn"]
[EventRounds "9"]
[EventCountry "RUS"]
[EventCategory "18"]
[SourceTitle "CBM 112"]
[Source "ChessBase"]
[SourceDate "2006.06.07"]
[SourceVersion "1"]
[SourceVersionDate "2006.06.07"]
[SourceQuality "1"]

1. e4 c5 2. Nf3 e6 3. d4 cxd4 4. Nxd4 Nc6 {Der russische Großmeister ist ein
großer Spezialist der Paulsen-Variante.} 5. Nc3 a6 {Diese Zugfolge ist
heutzutage wieder populär, denn jetzt ist 6.Be3 7.Qd2 weniger effektiv - 6.Be3
Nf6 7.Qd2?! Bb4 8.f3 d5 9.a3 Qa5 bietet Schwarz eine sehr bequeme Stellung.} 6.
Nxc6 bxc6 7. Bd3 d5 8. O-O Nf6 9. Re1 Be7 {Diese Variante scheint mir noch
präziser zu sein als die Alternative 9...Bb7.} 10. e5 Nd7 11. Na4 {[%cal Gc2c4]
Das ist eine typische Idee in solchen Stellungen - Weiß plant 12.c4.} (11. Qg4
g6 12. Bh6 Rb8 13. Qh3 Rb4 {[%csl Gb4][%cal Gb4h4]} 14. Bg7 Rg8 $5 15. Qxh7
Rxg7 16. Qxg7 Bf8 17. Qg8 Qg5 $1 $44 {[%csl Gb4,Re5,Gg5,Rg8] 1/2-1/2 Polgar,
J-Anand,V/Sofia 2005/CBM 107/[Ribli] (70)}) 11... O-O $5 {Schwarz verzichtet
auf den Tausch des a4-Springers mit 11...Nb6.} (11... Nb6 12. Nxb6 Qxb6 13. c4
(13. b3 a5 $6 (13... O-O) 14. Be3 Qb4 15. Bd2 Qd4 16. Re3 g6 17. c3 Qb6 18. Qg4
Ba6 19. Bxa6 Qxa6 $14 {1/2-1/2 Ni,H-Lautier,J/Taiyuan 2004/(29)}) 13... O-O (
13... dxc4 $6 14. Bxc4 O-O 15. Qb3 Qd4 16. Qc3 Bc5 17. Qc2 Be7 18. Bd3 Qh4 19.
Re3 {1-0 Motylev,A-Horvath,A/Saint Vincent 2005/(35)}) 14. Qc2 g6 15. Be3 Qb8
16. g3 Bb7 17. h4 dxc4 18. Be4 c5 19. Qxc4 Bxe4 20. Qxe4 Rd8 21. b3 {1/2-1/2
Najer,E-Lautier,J/Khanty Mansyisk 2005/(21)}) 12. c4 a5 $5 {[%cal Gc8a6,Ga6d3]
Die Stellung ähnelt einer Französischen Verteidigung; auch hier möchte Schwarz
seinen passiven weißfeldrigen Läufer mit Ba6 tauschen.} 13. Qc2 g6 14. Bh6 Re8
15. cxd5 cxd5 16. Bb5 Rb8 17. Qe2 Bg5 $1 {[%mdl 32] Mit diesem Zug kann
Schwarz die Stellung vereinfachen und seine Dame mobilisieren.} 18. Bxg5 Qxg5
$11 19. Rac1 Rd8 {Der Turm geht weg von der Fesselung des b5-Laufers und droht
jetzt 20...Nxe5, oder 20...Qxe5.} 20. Bd3 (20. g3 Qxe5 21. Qd2 Qf6 22. Qxa5 $13
) 20... Qf4 $1 {[%csl Gf4]} 21. b3 (21. Nc5 Qb4 22. Nxd7 Bxd7 {Schwarz hat
eine bequeme Stellung.}) 21... Qb4 {[%csl Gb4] Die wirksame schwarze Dame
steht sehr aktiv auf b4 und kontrolliert die wichtigsten Punkte am Damenflügel.
} 22. Qe3 Bb7 23. Bf1 Rdc8 $15 24. Rcd1 (24. Rxc8+ Rxc8 $15) 24... Rc2 25. Rd4
Qe7 (25... Qa3 $5 26. Nc3 (26. Rd2 Qxa2 27. Rxc2 Qxc2 28. Bb5 Bc8) 26... Qc5
27. Na4) 26. Ra1 {Wenn Weiß so spielen muss, bedeutet das, dass alles in
Ordnung ist für Schwarz.} Qa3 27. h4 (27. Bb5 Bc6 28. Bxc6 Rxc6) 27... Bc6 $1 (
27... Rxa2 28. Rxa2 Qxa2 29. Bb5 $132) 28. h5 Bxa4 29. Rxa4 Qc5 $1 {Rublevsky
spielt ganz energisch - statt Bauerngewinn am Damenflügel möchte er ein
besseres Endspiel wählen.} 30. Qxc5 Rxc5 31. Re1 gxh5 32. Rh4 Rbc8 {[%cal
Gc8c1]} 33. Rxh5 Rc1 34. Rxc1 Rxc1 $17 {[%csl Rf1,Rg1][%cal Gc1g1][%mdl 4096]}
35. f4 Nc5 {[%csl Gc1,Gc5]} 36. Rh3 Ra1 37. a4 Rb1 38. Kf2 Rb2+ 39. Kg1 Kg7 (
39... Rxb3 40. Rxb3 Nxb3 41. Kf2 Nc5 42. Bb5 d4 $17) 40. Rg3+ Kf8 41. Rc3 Ne4 (
41... Nxb3 $17) 42. Rc8+ Kg7 43. Bd3 Ng3 44. Rb8 Rd2 45. Ba6 d4 46. Kh2 Nf5 47.
Bb7 (47. b4 Rb2 48. b5 d3 49. Rd8 d2 50. Bb7 Ne3 51. Bf3 Rb1 $19) 47... Rb2 48.
Be4 Ne3 49. Rd8 Nf1+ 50. Kg1 Ng3 51. Bd3 (51. Rxd4 $4 Ne2+ $19) 51... Rd2 52.
Bc4 Nf5 (52... Nh5 $6 53. f5 exf5 54. Rd7 $132) 53. g4 Ne3 54. f5 Kh6 $1 55.
fxe6 fxe6 56. Bxe6 (56. Rg8 d3 $19) 56... Kg5 {[%cal Gg5f4,Gf4g3]} 57. Bc4 Kf4
$19 58. e6 Kg3 {[%csl Gd2,Ge3,Rg1,Gg3][%cal Rd2d1,Rd1g1]} 59. Bf1 Rf2 (59...
Rd1 60. Rf8 Re1 61. e7 Nxf1 62. Rxf1 Rxe7 $19) 60. Bh3 Re2 61. Bf1 Re1 62. Rf8
d3 (62... d3 63. e7 Nxf1 64. Rxf1 (64. e8=Q Ne3+ $19) 64... d2 65. e8=Q Rxe8
$19) 0-1

[Event "FIDE World Cup"]
[Site "Khanty-Mansiysk"]
[Date "2005.12.06"]
[Round "4.1"]
[White "Sakaev, Konstantin"]
[Black "Rublevsky, Sergei"]
[Result "0-1"]
[WhiteElo "2668"]
[BlackElo "2652"]
[Annotator "Ribli,Z"]
[PlyCount "56"]
[EventDate "2005.11.27"]
[EventType "k.o."]
[EventRounds "7"]
[EventCountry "RUS"]
[SourceTitle "CBM 111"]
[Source "ChessBase"]
[SourceDate "2006.04.04"]
[SourceVersion "1"]
[SourceVersionDate "2006.04.04"]
[SourceQuality "1"]

1. e4 {Von Großmeister Sakaev ist das eine große Überraschung, er spielt
praktisch immer 1.d4.} c5 2. Nf3 Nc6 3. d4 cxd4 4. Nxd4 e6 5. Nc3 a6 6. Be3 (6.
Nxc6 bxc6 7. Bd3) 6... Nf6 7. g4 {Weiß spielt ähnlich, wie im Keres-Angriff.} (
7. Qd2 Bb4 8. f3 d5 9. a3 Qa5 $5 $13) 7... h5 {Statt seine Stellung zu
verteidigen, strebt Schwarz zu aktivem Spiel am Königsflügel.} (7... Bb4 8. Bg2
d5 (8... h6 $5) 9. g5 $1 Nxe4 10. Nxc6 bxc6 11. Bxe4 Bxc3+ 12. bxc3 dxe4 13.
Qxd8+ Kxd8 14. O-O-O+ Kc7 15. Bf4+ Kb7 16. Be5 $36 {[%csl Rb7,Rc8,Ge5] 1-0
Hector,J-Hansen,C/Malmo 2003/CBM 95/[Ribli] (49)}) (7... h6 8. Bg2 d5 9. O-O
Bb4 10. h3 (10. exd5 exd5 11. h3 O-O 12. Nce2 Re8 13. Nxc6 $6 bxc6 {[%csl Gc6,
Gd5]} 14. c4 a5 {[%cal Gc8a6,Ga6f1]} 15. Nd4 Ra6 16. Qd3 c5 17. Nf5 d4 18. Bf4
a4 {0-1 Carlsen,M-Korneev,O/Warsaw 2005/CBM 108/[Ribli Zoltan] (34)}) 10... O-O
11. Nde2 Bxc3 12. Nxc3 d4 13. e5 Nxg4 14. Qxg4 dxe3 15. Bxc6 bxc6 16. Ne4 Qc7 {
0-1 Carlsen,M-Volokitin,A/Biel 2005/CBM 108 (37)}) 8. gxh5 (8. g5 Ng4) 8... Qa5
(8... Rxh5 9. Qe2 Bb4 10. Rg1 g6 11. Nxc6 bxc6 12. Bg5 Rxg5 13. Rxg5 Nxe4 14.
Rxg6 fxg6 15. Qxe4 Bxc3+ 16. bxc3 Qf6 {1/2-1/2 Winsnes,R-Cramling,P/Stockholm
1987/EXT 97 (24)}) 9. h6 g6 10. Qf3 Nh5 11. O-O-O (11. Nxc6 bxc6 12. O-O-O Rb8
13. Rd4 c5 (13... Ba3 $5) 14. Rc4 Bb7 15. Be2 Bc6 16. Rd1 Rb4 {1/2-1/2 Forster,
R-Gavrikov,V/Switzerland 2003/EXT 2004 (32)}) 11... Ne5 (11... Ba3 12. Kb1) 12.
Qe2 b5 $1 13. Kb1 Bb7 (13... b4 $2 14. Nb3 Qc7 15. Na4 $16) 14. Bg5 (14. Bg2 $5
) 14... f6 $5 (14... Rc8) 15. Bc1 b4 16. Nd5 $13 {[%mdl 512] Dieses
Springeropfer führt zu schwierigen Verwicklungen aber ich glaube die
Alternative 16.Nb3!? bietet Weiß mindestens gleiche Chancen.} (16. Nb3 $5 Qc7
17. Na4 Qc6 (17... Bc6 18. Nac5 (18. f4 $5) 18... Bb5 19. Qe3 Bxh6 20. Qh3 (20.
Qd4 Bxc1 21. Nxc1) 20... Bxc1 21. Bxb5 axb5 22. Nxd7 $1) 18. Rg1 (18. Na5 Qxe4)
18... Qxa4 19. f4 Bxh6 (19... Nf7 20. Rxg6 Bxh6 21. Qxh5 Bxf4 22. Qg4 Bxc1 23.
Rxc1 Ke7 $2 24. Qf4) 20. fxe5 (20. Nc5 Qc6 21. Nxb7) 20... Bxc1 21. Rxc1 (21.
Kxc1 $5) 21... fxe5 (21... Nf4 22. Qd2 fxe5 23. Rg5) 22. Qd2 Nf4 23. Rg5 (23.
Nc5 Qc6 24. Qxb4) 23... Rh5 24. Rxh5 gxh5 25. Qd6 Qc6 26. Qxe5 Qxe4 27. Qd6 Bc6
28. Bxa6 $5 Rxa6 (28... Nd5 29. Rf1 Ne7 30. Bd3 $18) 29. Nc5 $18) 16... exd5
17. f4 {[%cal Ge2e8]} dxe4 {Schwarz gibt die Figur zurück und erhält dafür
eine sichere Stellung.} (17... Nf7 18. exd5+ Kd8 19. Nc6+ Bxc6 20. dxc6 $40) (
17... Nxf4 18. Bxf4 dxe4) 18. fxe5 Qxe5 19. Qg4 (19. Rg1) 19... O-O-O $1 20.
Qxg6 Nf4 21. Bxf4 (21. Qg3 Bxh6) 21... Qxf4 22. Nf5 (22. h7) 22... Kc7 23. Bc4
$2 (23. Qxf6 Rxh6 $1) (23. Be2 Qg5 (23... Bxh6 24. Nd6) 24. Rhg1 (24. Qxg5 fxg5
25. h4 $5) 24... Qxg6 25. Rxg6 Bc5 26. Bg4) 23... e3 24. Rd4 (24. Rhe1 Qxc4 25.
Qxf6 Bc5) {[#]} 24... Rxh6 $1 $17 {[%mdl 64] Eine schöne Kombination in dieser
komplizierten Partie. Nach dieser Vereinfachungen bekommt Schwarz eine
chancenreiche Stellung.} 25. Rxf4 Rxg6 26. Re1 Bc5 27. Nxe3 $2 (27. h4) 27...
Re8 $19 {[%csl Re1,Re3][%cal Re8e1]} 28. Nd5+ Bxd5 (28... Bxd5 29. Rxe8 Bxc4
$19) 0-1

[Event "Agzamov Memorial 09th"]
[Site "Tashkent"]
[Date "2015.03.13"]
[Round "3"]
[White "Safarli, Eltaj"]
[Black "Tsyhanchuk, Stanislav"]
[Result "1/2-1/2"]
[WhiteElo "2641"]
[BlackElo "2372"]
[Annotator "Safarli,E"]
[PlyCount "99"]
[EventDate "2015.03.11"]
[EventType "swiss"]
[EventRounds "9"]
[EventCountry "UZB"]
[SourceTitle "EXT 2019"]
[Source "ChessBase"]
[SourceDate "2018.10.10"]
[SourceVersion "1"]
[SourceVersionDate "2018.10.10"]
[SourceQuality "1"]

1. e4 c5 2. Nf3 e6 3. d4 cxd4 4. Nxd4 a6 5. Nc3 Qc7 6. Bd3 (6. Be3 Bb4 (6...
Nc6 7. Qf3) (6... Nf6) 7. Nde2 Nf6 8. a3 Be7 9. Na4 $5 Nc6 10. Nb6 Rb8 11. Nc3
O-O 12. Be2 (12. f4) 12... d6 13. O-O Nd7 14. Nca4 Nc5 15. Nxc5 dxc5 16. Nxc8
Rfxc8 (16... Rbxc8 $146 17. c3) 17. c3 b5 {...1/2, Simacek,P - Simantsev,M 
(Marianske Lazne, 2014)}) 6... Nf6 7. O-O (7. f4 $5 d6 8. Qe2 Nbd7 9. g4 Nc5
10. g5 (10. Bd2 $5) 10... Nfd7 11. Bd2 g6 12. O-O-O (12. f5 Ne5 13. b4 Ncxd3+
14. cxd3 Bd7 15. a3 Rc8 16. Rc1 Be7 {...1/2, Gashimov,V - Ivanchuk,V (Nice,
2010 (r))}) 12... Bg7 13. Be3 b5 14. Bxb5 O-O 15. Bxd7 Bxd7 16. f5 Be5 17. h4)
7... Nc6 8. Nxc6 bxc6 (8... dxc6 {although the capture in the game is the main
line}) 9. f4 (9. Qe2 d5 (9... Bd6 10. Kh1 (10. f4 e5 11. f5 Be7)) 10. b3 Be7
11. Bb2 O-O 12. Na4 (12. Rae1 Bb7 13. Kh1 Rfe8 14. f4 Nd7 15. e5 Nc5 16. Qh5
Nxd3 17. cxd3 c5 $15 {...0-1, Mamedov,N - Rublevsky,S (Rhodes, 2013)}) 12...
Bb7 13. Rad1 (13. e5 Nd7 14. c4 dxc4 (14... Nb6) 15. Bxc4 Nb6 16. Nxb6 Qxb6 {
the engine (Houdini 4 Pro x64B) gives about +0.3 on already serious depth, but
Laznicka's practice (4 times he came up to this position) proves the position
is equal}) 13... dxe4 14. Bxe4 Nxe4 15. Qxe4 c5 16. Qg4 g6 17. Qh3 Rad8 18. Qc3
f6 19. Ba3 Rxd1 20. Rxd1 Rd8 21. Rxd8+ Qxd8 22. f3 Qd1+ 23. Kf2 f5 24. Bb2 Bh4+
25. g3 Bf6 26. Qd3 Qxd3 27. cxd3 Be7 28. Ba3 Bc6 29. Bxc5 Bxa4 {...1/2,
Gashimov,V - Quesada Perez,Y (Havana, 2007)}) 9... Bc5+ (9... d5 10. e5) 10.
Kh1 d6 $2 {very unconvincing play by Black and White could punish for
inaccurate play right immediately} 11. Na4 $6 {missing the given chance} ({
it was excellent moment for breakthrough} 11. e5 $1 $36 dxe5 (11... Nd7 12. Ne4
(12. exd6 {is also possible} Bxd6 13. Ne4 $16 {[%cal Gb2b3,Gc1b2] with the
idea of playing b3 and Bb2. White's pair of Bishops is potentially crushing
Black's Kingside}) 12... d5 13. Nxc5 Nxc5 14. Be3 Nxd3 15. cxd3 O-O 16. Bc5 {
domination over black squares and Rf3-g3 (or h3) maneuver gives White
enormously big chances for a full point} Re8 17. Rf3 $40) (11... Nd5 12. Ne4
$18) 12. fxe5 Qxe5 13. Bf4 Qd4 (13... Qh5 $146 14. Be2 Qg6 15. Bd6 Ba7 16. Ba3
$1 {[%cal Gd1d6] leaving d6 square for the Queen} Bb8 17. Qd4 Qh6 18. h3 Qg5
19. Rad1 Nd5 20. Bh5 $1 {important intermediate move} Ra7 (20... Qxh5 21. Nxd5
cxd5 22. Qc5) 21. Nxd5 cxd5 22. Qc5 Qd8 23. Rxd5 $1 {that's the reason why
intermediate move Bh5 was played} exd5 24. Re1+ Kd7 25. Bg4+) 14. Qf3 O-O 15.
Rad1 {[%cal Gd3h7] every move of White's attacking move. Bxh7 is a huge threat}
Qb4 16. a3 $1 Qb7 (16... Qxb2 17. Na4 Qxa3 18. Ra1 Qb4 19. c3 Qa5 20. Qxc6 $18
{and the material lose is irresistible}) 17. Be5 $40 {for the price of just a
pawn White has enormous initiative and direct attack on the King. Black's
position is simply unholdable}) 11... Ba7 12. c4 (12. b3 $5 $146 O-O 13. Ba3 $5
{important intermediate move which weakens 'd5' square} (13. Bb2 e5 14. fxe5
Ng4 $1 $132) 13... c5 14. Bb2 Bb7 {nearly only move} (14... e5 15. fxe5 Ng4 16.
Bc4 $18 {[%csl Rd5] xd5}) 15. Bxf6 gxf6 16. Qg4+ Kh8 17. Qh4 Qd8 18. f5 Rg8)
12... Bd4 13. c5 {to my surprise this position was already arised in a game of
not strong players back in 2005} dxc5 $146 (13... e5 14. Nb6 Rb8 15. Nxc8 Rxc8
16. cxd6 Qxd6 17. Bxa6 Ra8 18. fxe5 {...1-0, Acosta,A - Ortiz Aguirre,N (Neiva,
2005)}) 14. Qc2 Nd7 $6 {too passively played} ({I think, Gelfand would play
here} 14... c4 $5 {without thinking (it reminded me the last - 12th classical
game from the match Anand-Gelfand which was held in Moscow in 2012). After any
capture on c4 Black plays c5 and with the next moves by playing Bb7 gets
strong pair of Bishops. Most probably Black d be in that case the upper side e.
g.} 15. Bxc4 c5 16. e5 Ng4 17. Nc3 Bb7 18. Ne4 (18. h3 Nh6 19. Bd3 Rd8 $36)
18... Rd8 $132) 15. e5 $14 {White regained the initiative again} a5 16. Rf3 {
probably was played to avoid the Bishop exchanges after Ba6 by playing Be4,
what actually happened in the game. However it was the beginning of a wrong
plan} Ba6 17. Be4 $6 (17. Bxa6 Rxa6 18. Be3 O-O 19. Rd1 Bxe3 20. Rxe3 {
undoubtedly thanks to the pawn structure and activity of Rooks (d file) White
is the side which gonna play for a win} Raa8) 17... f5 $1 {very strong move}
18. Bd3 (18. exf6 {isn't what White was aiming for} Nxf6 19. Be3 O-O 20. Nxc5
Bxe3 21. Rxe3 Qxf4 22. Rf3 Qe5 23. Bxc6 Ng4 $132) 18... Bxd3 $6 {
simplification of the position is on hand of White} (18... Bb5 $5 {Black
should have kept the pressure and in that case they d be upper side. This
position reminds me the game between my compatriots Gashimov vs Radjabov in
2012 - Wijk aan Zee, where Teimour managed to win with Black pieces very
instructive game}) 19. Rxd3 Nb6 20. Nxc5 Bxc5 21. Qxc5 Nd5 {starting from move
18, Black chose not the best plan. They simplified the position and gave up
extra pawn in order just to trasfer the Knight from d7 to d5. It was a plan,
however Black's position wasn't strategically that bad to convert it into this
kind of - long suffering position} 22. Bd2 Kf7 23. Rc1 Rhc8 $6 {too passive} (
23... a4 $1 {had to be played} 24. Qxc6 Qxc6 25. Rxc6 Rhc8 $1) 24. a4 Qa7 25.
b3 Qa6 26. Rc4 Rd8 27. Qxc6 Qa7 28. Qc5 (28. h3 {had to be considered as after}
Qf2 {White gets winning position} 29. Rxd5 $1 exd5 30. Qb7+ Kg8 31. Rc7 Qg3 32.
e6 $36) 28... Qxc5 29. Rxc5 Nxf4 30. Rd6 Rxd6 31. Rc7+ Kf8 32. exd6 Nd5 33. Rd7
Rb8 $2 (33... Ra6) 34. Bxa5 (34. h3 $1 {is a tricky move} Ra8 {is nearly forced
} ({as after planned} 34... Rxb3 $2 {Black's position collapses immediately}
35. Ra7 $1 {suddenly it turns out that Black has to give up the Knight in
order to stop 'd' pawn}) 35. Rb7 Rd8 36. Bxa5 Rxd6 37. Bd2 Rc6 38. a5 h6 39. b4
Rc2 40. Bxh6 gxh6 41. a6 Ra2 42. a7 Nxb4 43. Rb8+ Kg7 44. a8=Q Rxa8 45. Rxa8
$11) 34... Rxb3 35. Kg1 $6 {White wastes the last chance. After this White had
no chance to trick the opponent} ({however it wasn't easy to figure out why} 
35. g3 $1 {is better. It's better to illustrate on variants} Rb1+ (35... Ne3
36. Kg1) 36. Kg2 Rb2+ 37. Kf1 Rc2 $8) 35... Nf6 $1 {great maneuver with the
Knight which actually proves why Kg1 was inaccurate move} 36. Rd8+ Kf7 37. Bc7
e5 38. a5 Ke6 39. Kf1 Ra3 ({would give Black small chances to play for
something, however the position is objectively drawish} 39... Rb1+ $5 40. Ke2
Rg1 41. Kf2 Ra1 {the whole point of Black's this maneuver is that, e5 pawn now
is indirectly protected due to Ng4} 42. Ra8 Kd7 43. a6 Kc6 44. a7 Kb7 45. Re8
Rxa7 46. Rxe5 Ng4+ $19) 40. Ra8 Kd7 41. a6 Kc6 42. a7 Kb7 43. Re8 Rxa7 (43...
Nxe8 $6 44. d7 $14) 44. Rxe5 Ra1+ 45. Ke2 g6 46. Bd8 Ra2+ 47. Kf3 Nd7 48. Re7
Kc6 49. Rxh7 Kxd6 50. Rg7 1/2-1/2